Mystery Taylor Swift Song #87 - Statistics

General Stats
  • This quiz has been taken 284 times
  • The average score is 91 of 129
Answer Stats
Song % Correct
I
99%
a
97%
to
96%
you
96%
the
94%
him
93%
me
93%
like
92%
Red
92%
red
92%
was
92%
it
91%
Loving
91%
is
90%
love
90%
all
89%
And
89%
know
89%
never
89%
so
89%
your
89%
be
87%
in
87%
my
86%
blue
85%
But
85%
down
85%
When
85%
driving
84%
I'd
84%
no
84%
alone
82%
dark
82%
gray
82%
new
82%
on
82%
end
81%
you're
81%
dead
80%
it's
80%
known
80%
Missing
80%
street
80%
That
80%
trying
80%
as
79%
go
79%
Losing
79%
Maserati
79%
of
79%
ever
78%
Oh
77%
Somebody
77%
there
77%
met
75%
Burning
74%
Forgetting
74%
they
74%
could
73%
head
73%
just
72%
'Cause
71%
right
71%
from
70%
see
70%
now
68%
sin
68%
suddenly
68%
with
68%
answer
66%
front
66%
than
66%
Yeah
66%
lose
65%
there's
65%
time
65%
wanted
65%
wind
64%
before
63%
comes
63%
free
63%
let
63%
favorite
61%
song
61%
still
61%
Faster
60%
flashbacks
60%
words
60%
His
59%
knowing
59%
realizing
59%
back
58%
bright
58%
colors
58%
easy
58%
echoes
58%
ending
58%
fall
58%
passionate
58%
impossible
57%
old
57%
out
57%
Tell
57%
already
56%
gotta
56%
moving
56%
Remembering
56%
mind
55%
through
55%
Fighting
54%
solve
54%
strong
54%
autumn
53%
crossword
53%
myself
53%
Once
53%
flying
50%
change
49%
found
49%
why
48%
wishing
45%
that's
43%
Regretting
41%
he's
40%
Memorizing
40%
Touching
40%
around
36%
spinning
34%
No matching quizzes found
Score Distribution
Percent of People with Each Score
Percentile by Number Answered
Your Score History
You have not taken this quiz